Central Library OPAC University of Rajshahi

আলকাপ ও গম্ভীরা গানে উচ্চবর্গের মতাদর্শিক আধিপত্য ও নিম্নবর্গের প্রতিরোধ = Elites Hegemony and Subaltern Resistance in the Representation Of Alkap and Gombhira Gaan / (Record no. 75868)

MARC details
000 -LEADER
fixed length control field 02272ntm a22003017a 4500
001 - CONTROL NUMBER
control field 75868
003 - CONTROL NUMBER IDENTIFIER
rucl marc code BD-RjUL
005 - DATE AND TIME OF LATEST TRANSACTION
control field 20211209082745.0
008 - FIXED-LENGTH DATA ELEMENTS--GENERAL INFORMATION
fixed length control field 140804s2015 bg ||||| mb|| 00| | ben d
035 ## - SYSTEM CONTROL NUMBER
System control number (BD-RjUL)76087
040 ## - CATALOGING SOURCE
Original cataloging agency BD-RjUL
Language of cataloging ben/eng
Transcribing agency BD-RjUL
Modifying agency BD-RjUL
041 ## - LANGUAGE CODE
Language code of text/sound track or separate title ben
082 ## - DEWEY DECIMAL CLASSIFICATION NUMBER
Edition number 23
Classification number 398.2049144
Author mark and year RAA 2015
100 1# - MAIN ENTRY--PERSONAL NAME
Personal name রাজী, আলীম আল
9 (RLIN) 168653
245 ## - TITLE STATEMENT
Title আলকাপ ও গম্ভীরা গানে উচ্চবর্গের মতাদর্শিক আধিপত্য ও নিম্নবর্গের প্রতিরোধ = Elites Hegemony and Subaltern Resistance in the Representation Of Alkap and Gombhira Gaan /
Statement of responsibility, etc. আলীম আল রাজী ;
Linkage তত্ত্বাবধায়ক : মো. আবুল হাসান চৌধুরী ; সহ-তত্ত্বাবধায়ক : এস. এম. ফারুক হোসাইন
260 ## - PUBLICATION, DISTRIBUTION, ETC. (IMPRINT)
Place of publication, distribution, etc. রাজশাহী :
Name of publisher, distributor, etc. নাট্যকলা বিভাগ, রাজশাহী বিশ্ববিদ্যালয়,
Date of publication, distribution, etc. ২০১৫
300 ## - PHYSICAL DESCRIPTION
Pagination [৯], ৩৩২ পাতা :
Illustrations চিত্র ;
Size ২৮ সেমি.
502 ## - DISSERTATION NOTE
Dissertation note থিসিস ( পিএইচ. ডি.)-- নাট্যকলা বিভাগ, রাজশাহী বিশ্ববিদ্যালয়, ২০১৫
504 ## - BIBLIOGRAPHY, ETC. NOTE
Bibliography, etc গ্রন্থপঞ্জি পাতা : ৩২৪-৩৩২
600 ## - SUBJECT ADDED ENTRY--PERSONAL NAME
Fuller form of name
650 ## - SUBJECT ADDED ENTRY--TOPICAL TERM
Topical term or geographic name as entry element লোক সঙ্গীত, বাংলা
Geographic subdivision বাংলাদেশ
-- রাজশাহী
General subdivision ইতিহাস এবং সমালোচনা
9 (RLIN) 232641
Topical term or geographic name as entry element Folk songs, Bengali
Geographic subdivision Bangladesh
-- Rajshahi
General subdivision History and criticism
9 (RLIN) 232642
Topical term or geographic name as entry element লোক সংগীত
Geographic subdivision বাংলাদেশ
-- রাজশাহী
General subdivision ইতিহাস এবং সমালোচনা
9 (RLIN) 244797
Topical term or geographic name as entry element Folk music
Geographic subdivision Bangladesh
-- Rajshahi
General subdivision History and criticism
9 (RLIN) 244798
700 ## - ADDED ENTRY--PERSONAL NAME
Personal name চৌধুরী, মো. আবুল হাসান, তত্ত্বাবধায়ক
Personal name হোসাইন, এস. এম. ফারুক, সহ-তত্ত্বাবধায়ক
942 ## - ADDED ENTRY ELEMENTS (KOHA)
Source of classification or shelving scheme Dewey Decimal Classification
Koha item type Theses
Holdings
Lost status Source of classification or shelving scheme Damaged status Not for loan Collection code Permanent Location Current Location Shelving location Date acquired Source of acquisition Total Checkouts Full call number Date last seen Copy number Koha item type
  Dewey Decimal Classification   Not For Loan Theses Central Library, University of Rajshahi Central Library, University of Rajshahi Documentation Section 28/07/2016 Controller of Examination Office, R. U.   BTHE 398.2049144 RAA 2015 04/08/2019 C-1 Theses